Sports Quiz

Random Sports or World Cup Quiz
Score 0/96 Timer 15:00
0 Plays Today
Position Player % Correct
FWGrzegorz Lato
95.3%
MFZbigniew Boniek
95.1%
GKJan Tomaszewski
91.9%
GKJerzy Dudek
89.3%
MFKazimierz Deyna
88.5%
FWMaciej Żurawski
87%
FWEmmanuel Olisadebe
87%
GKArtur Boruc
86%
MFWłodzimierz Smolarek
85.6%
FWEuzebiusz Smolarek
85.6%
DFMichał Żewłakow
83.4%
FWMarcin Żewłakow
83.4%
FWAndrzej Szarmach
83%
DFWładysław Żmuda
82.6%
DFTomasz Hajto
82%
DFJacek Bąk
77.7%
MFArkadiusz Bąk
77.5%
DFTomasz Wałdoch
77.1%
DFJerzy Gorgoń
76.9%
GKJózef Młynarczyk
76.3%
MFJacek Krzynówek
74.9%
GKRadosław Majdan
73.1%
FWPaweł Kryszałowicz
72.5%
FWErnest Wilimowski
69.6%
DFBartosz Bosacki
68.8%
FWRobert Gadocha
68.4%
FWWłodzimierz Lubański
67.8%
MFMariusz Lewandowski
66.2%
MFHenryk Kasperczak
66%
FWAndrzej Iwan
65%
DFTomasz Kłos
64.8%
FWIreneusz Jeleń
64.6%
Position Player % Correct
MFPiotr Świerczewski
63.2%
MFRadosław Kałużny
63%
MFMarek Koźmiński
61.9%
FWPaweł Brożek
60.9%
MFKamil Kosowski
59.9%
MFMirosław Szymkowiak
59.3%
DFDariusz Dudka
58.3%
MFPaweł Sibik
57.9%
MFRadosław Sobolewski
57.5%
DFJacek Zieliński
56.7%
DFMarcin Baszczyński
56.1%
DFStefan Majewski
55.9%
DFPaweł Janas
54.9%
DFArkadiusz Głowacki
54%
MFDariusz Dziekanowski
53.8%
MFAdam Nawałka
53.6%
MFMaciej Murawski
53%
DFMariusz Jop
52.4%
MFAndrzej Buncol
52.2%
DFTomasz Rząsa
51.8%
FWGrzegorz Rasiak
51.8%
DFAntoni Szymanowski
51.6%
FWCezary Kucharski
47%
MFArkadiusz Radomski
44.5%
MFRyszard Tarasiewicz
43.5%
FWJan Urban
43.3%
FWJan Domarski
42.3%
DFAdam Musiał
40.3%
MFJanusz Kupcewicz
39.1%
FWKazimierz Kmiecik
37.9%
FWFryderyk Scherfke
35%
MFLesław Ćmikiewicz
33.8%
Position Player % Correct
FWJan Furtok
33.4%
MFWaldemar Matysik
31.4%
MFMarek Kusto
30.6%
FWZdzisław Kapka
28.5%
GKZygmunt Kukla
27.1%
MFZygmunt Maszczyk
26.9%
MFWłodzimierz Ciołek
26.7%
DFDariusz Kubicki
26.1%
MFWilhelm Góra
25.5%
DFWojciech Rudy
22.7%
DFZbigniew Gut
21.9%
DFRoman Wójcicki
21.5%
DFMarek Dziuba
21.1%
DFJan Jałocha
20.6%
MFAndrzej Pałasz
20%
MFJan Karaś
18.8%
DFHenryk Maculewicz
17.2%
DFKrzysztof Pawlak
16.4%
FWRyszard Piec
16.2%
FWAndrzej Zgutczyński
16%
FWWłodzimierz Mazur
15.6%
GKEdward Madejski
15.4%
MFBohdan Masztaler
15.4%
FWGerard Wodarz
15.2%
DFWładysław Szczepaniak
15%
MFRyszard Komornicki
15%
DFMarek Ostrowski
14.4%
FWLeonard Piątek
13.4%
DFKazimierz Przybyś
13.2%
MFErwin Nyc
12.8%
MFEwald Dytko
10.5%
DFAntoni Gałecki
8.1%
Remove Ads.
Support Sporcle.
Get the best of Sporcle when you Go Orange. This ad-free experience offers more features, more stats, and more fun while also helping to support Sporcle. Thank you for becoming a member.

You're not logged in!

Compare scores with friends on all Sporcle quizzes.
OR
Log In

Show Comments

Extras

Top Quizzes Today


Score Distribution

Your Account Isn't Verified!

In order to create a playlist on Sporcle, you need to verify the email address you used during registration. Go to your Sporcle Settings to finish the process.

Report this User

Report this user for behavior that violates our Community Guidelines.

Details: